| 000 | 00477nam a22001577a 4500 | ||
|---|---|---|---|
| 003 | OSt | ||
| 005 | 20130610114920.0 | ||
| 008 | 130610s1977 cu ||||| |||| 00| 0 spa d | ||
| 040 | _cCDMR | ||
| 245 | 0 | 3 |
_aEl periodismo en José Martí _cCamila Henríquez Ureña... [et al.] |
| 260 |
_aLa Habana _bOrbe _c[1977] |
||
| 300 | _a111 p. | ||
| 600 | 1 |
_93723 _aMartí, José _d1853-1895 _xCrítica i interpretació |
|
| 700 | 1 |
_93722 _aHenríquez Ureña, Camila _d1894-1973 |
|
| 942 |
_2udc _cMON |
||
| 999 |
_c6429 _d6429 |
||